Dallas Mavericks Leaders Per Year - Statistics

General Stats
  • This quiz has been taken 3,632 times
    105 since last reset
  • The average score is 18 of 65
Answer Stats
Player % Correct
Luka Dončić
100%
Dirk Nowitzki
99%
Cooper Flagg
93%
Kyrie Irving
90%
Jason Kidd
85%
Brad Davis
70%
Steve Nash
70%
Daniel Gafford
68%
Terry Davis
68%
Tyson Chandler
63%
Jason Terry
61%
Dereck Lively II
59%
P.J. Washington
52%
Shawn Marion
52%
Mark Aguirre
51%
Kristaps Porziņģis
45%
Rolando Blackman
43%
Dennis Smith Jr.
41%
Michael Finley
41%
J.J. Barea
38%
Popeye Jones
33%
Jim Jackson
32%
Ryan Nembhard
29%
Deron Williams
28%
Herb Williams
28%
Lorenzo Williams
28%
Shawn Bradley
27%
Derek Harper
26%
Harrison Barnes
23%
Josh Howard
23%
Maxi Kleber
23%
A.C. Green
21%
Monta Ellis
20%
James Donaldson
18%
Rajon Rondo
18%
DeAndre Jordan
17%
Devin Harris
17%
Erick Dampier
13%
Wesley Matthews
12%
Christian Wood
11%
Seth Curry
11%
DeSagana Diop
10%
Samuel Dalembert
9%
Brandan Wright
7%
Darren Collison
7%
Delon Wright
7%
Roy Tarpley
7%
Wayne Cooper
7%
Josh Richardson
6%
Chris Gatling
5%
Salah Mejri
5%
Zaza Pachulia
5%
Fat Lever
4%
Jay Vincent
4%
Kurt Nimphius
4%
Adrian Griffin
2%
Pat Cummings
2%
Cedric Ceballos
1%
Elton Brand
1%
Erick Strickland
0%
Geoff Huston
0%
George McCloud
0%
Jim Spanarkel
0%
Sean Rooks
0%
Tom LaGarde
0%
No matching quizzes found
Score Distribution
Percent of People with Each Score
Percentile by Number Answered
Your Score History
You have not taken this quiz since the last reset